000 00422nam a2200169Ia 4500
008 210719s1974 xx 000 0 und d
020 _a0060907924
041 _aeng
082 _a973 ZINP
100 _aZINN (Howard)
245 _aPeople's history of the United States.
260 _aNew York.
_bHarper & Row Publishers.,
_c1974
300 _a614
_bPB
365 _cRs
650 _aAmerican History
906 _aUSA
999 _c212915
_d212915